| 000 | 02919nam a2200529 c 4500 | ||
|---|---|---|---|
| 003 | BLK | ||
| 005 | 20241029101426.0 | ||
| 008 | 180408b bul|||||r ||||||| ||bul|| | ||
| 010 | _aKNG00071537000 | ||
| 020 |
_a978-954-585-752-2 _bиздат.: Бард |
||
| 040 | _aBLK | ||
| 041 |
_aBUL _cBUL |
||
| 080 |
_aПаметници на културата на историческите периоди. Археологическите паметници. Старини _b904 _x(36+262-0)(0:82-992) _z904(36+262-0)(0:82-992) |
||
| 080 |
_aРазпространяване на научните знания - популяризиране на науката, занимателна наука, учение за явленията научно необяснени, заблуждения и фалшификации, илюзии и др. п., секретност на научните знания _b001.9 _x(36+262-0)(0:82-992) _z001.9(36+262-0)(0:82-992) |
||
| 080 |
_aАмериканска литература (на САЩ) _b821.111(73) _x-992 _z821.111(73)-992 |
||
| 100 | 1 |
_aЧайлдрес, Дейвид Хатчър _eпърви автор _9270134 |
|
| 700 |
_aБожилов, Венцислав Божидаров _cТеодосиев, Стефан, 1968- (псевдоним) _d1968- _9367877 |
||
| 139 |
_aЧайлдрес, Дейвид Хатчър _bЧ 16 |
||
| 245 | 1 | 0 |
_aИзгубените градове на Атлантида, Древна Европа и Средиземноморието _cДейвид Хатчър Чайлдрес; прев. Венцислав Божидаров Божилов. |
| 257 | _aUSA | ||
| 260 |
_аСофия _bБард _c2007 |
||
| 300 |
_a576 с. _bс ил., к. _c21 см |
||
| 380 | _a9 | ||
| 490 | 1 | _aПътеводител на учения авантюрист | |
| 490 | 1 |
_3Подсерия _aСерия Изгубени градове |
|
| 500 | _aОриг. загл. Lost Cities of Atlantis, Ancient Europe the Mediterranean / David Hatcher Childress. - Библиогр. с. 560-573. | ||
| 504 | _a560-573 | ||
| 650 | 4 |
_aГрадове, изчезнали и стари _9277938 |
|
| 650 | 4 |
_aАтлантида _9147823 |
|
| 650 | 4 |
_aЕвропа - старини _9285428 |
|
| 650 | 4 |
_aСредиземноморие - старини _9293329 |
|
| 651 | 4 |
_aЕвропа _9244407 |
|
| 651 | 4 |
_aАтлантида _9147823 |
|
| 651 | 4 |
_aСредиземно море _9179582 |
|
| 653 | _aдревен свят | ||
| 653 | _aдревни цивилизации | ||
| 653 | _aизвънземни цивилизации | ||
| 653 | _aАтлантида | ||
| 653 | _aЕвропа | ||
| 653 | _aСредиземноморие | ||
| 852 | _aЦб 231416 | ||
| 856 | 4 |
_qpdf _u |
|
| 856 | 4 |
_qpdf _u |
|
| 942 |
_cKNG _n0 _09 |
||
| 944 |
_aCR _c12.02.2007 _k30531 _lЦветелина Шанова |
||
| 944 |
_aED _c30.10.2008 _k |
||
| 999 |
_c67227 _d67227 |
||